Tính hợp pháp và tính hợp lý của quyết định hành chính : Sách chuyên khảo

Nội dung cuốn sách giới thiệu, luận giải một cách hệ thống, khoa học về tính hợp pháp, hợp lý của việc ra quyết định hành chính. Thực trạng về tính hợp pháp, tính hợp lý của quyết định hành chính, một số giải pháp đảm bảo tính hợp ph...

ver descrição completa

Na minha lista:
Detalhes bibliográficos
Autor principal: Bùi, Thị Đào
Formato: Livro
Idioma:Undetermined
Publicado em: Hà Nội Chính trị Quốc gia 2015
Assuntos:
Tags: Adicionar Tag
Sem tags, seja o primeiro a adicionar uma tag!
Thư viện lưu trữ: Trung tâm Học liệu Trường Đại học Cần Thơ
LEADER 01132nam a2200217Ia 4500
001 CTU_207133
008 210402s9999 xx 000 0 und d
020 |c 64000 
082 |a 352.33 
082 |b Đ108 
100 |a Bùi, Thị Đào 
245 0 |a Tính hợp pháp và tính hợp lý của quyết định hành chính : 
245 0 |b Sách chuyên khảo 
245 0 |c Bùi Thị Đào 
260 |a Hà Nội 
260 |b Chính trị Quốc gia 
260 |c 2015 
520 |a Nội dung cuốn sách giới thiệu, luận giải một cách hệ thống, khoa học về tính hợp pháp, hợp lý của việc ra quyết định hành chính. Thực trạng về tính hợp pháp, tính hợp lý của quyết định hành chính, một số giải pháp đảm bảo tính hợp pháp, hợp lý của quyết định hành chính trong giai đoạn hiện nay. 
650 |a Administrative decisions,Quyết định hành chính 
904 |i Qhieu 
980 |a Trung tâm Học liệu Trường Đại học Cần Thơ